| 000 | 00875nac a22002657a 4500 | ||
|---|---|---|---|
| 001 | BR0103086 | ||
| 003 | BR-BrBNA | ||
| 005 | 20240105122547.0 | ||
| 008 | 230509b bl.|||m| |||| 00| 0 por d | ||
| 040 |
_aBR-BrBNA _bpor _cBiblioteca Nacional de Agricultura |
||
| 072 | _aF70 | ||
| 090 | _aF70 BR0103086 | ||
| 100 | 1 | _aRodrigues, W.A. | |
| 110 | 1 |
_aInstituto Nacional de Pesquisa da Amazonia, Manaus, AM (Brasil) _96493 |
|
| 245 | 1 | _aLista dos nomes vernaculos da flora do territorio do Rio Branco | |
| 260 | 3 | _aManaus, AM (Brasil): | |
| 300 | _a19 p. | ||
| 490 |
_aPublicacao. Botanica - Instituto Nacional de Pesquisa da Amazonia (Brazil) _vno. 9 _x |
||
| 500 | _aPublished after 1958; glossary only (Pt) | ||
| 650 | _aTaxonomia Vegetal | ||
| 650 | _aFlora | ||
| 650 | _aRio Branco | ||
| 909 |
_a202312 _bLúcia Elande _c55 _dLúcia Elande |
||
| 942 |
_2AGRIS _n0 _cMS |
||
| 999 |
_c291665 _d291665 |
||